000 00355nam a22001337a 4500
999 _c8949
_d8949
003 OSt
008 200714b ||||| |||| 00| 0 eng d
100 _aNarang , Jasjeet Kaur & Other
245 _aPharmaceutics-1 Practical
250 _a2018
260 _aNew Delhi
_bPaging
650 _aPharmaceutics (Dispensing and General Pharmacy
942 _2ddc
_cBK
_01